Úvod do ekonometrie s programom Gretl
Na minha lista:
| Autor principal: | |
|---|---|
| Autor Corporativo: | |
| Outros Autores: | , , , |
| Formato: | Livro |
| Idioma: | eslovaco |
| Publicado em: |
Bratislava
Letra Edu
2018
|
| Edição: | 1. vydanie |
| Assuntos: | |
| Tags: |
Sem tags, seja o primeiro a adicionar uma tag!
|
MARC
| LEADER | 00000nam a2200000 4500 | ||
|---|---|---|---|
| 001 | 0246932 | ||
| 005 | 20240502073947.9 | ||
| 020 | |a 978-80-972866-5-1 | ||
| 020 | |a 978-80-972866-6-8 | ||
| 041 | 0 | |a slo | |
| 044 | |a SK | ||
| 245 | 1 | 0 | |a Úvod do ekonometrie s programom Gretl |c Adriana Lukáčiková, Martin Lukáčik, Karol Szomolányi ; recenzenti: Veronika Miťková, Marian Reiff |
| 250 | |a 1. vydanie | ||
| 264 | 1 | |a Bratislava |b Letra Edu |c 2018 | |
| 300 | |a 345 s. [26,14 AH] | ||
| 610 | 2 | 0 | |a ekonometria |
| 610 | 2 | 0 | |a dáta |
| 610 | 2 | 0 | |a analýza ekonometrická |
| 610 | 2 | 0 | |a modely ekonometrické |
| 610 | 2 | 0 | |a softvér |
| 610 | 2 | 0 | |a programy počítačové |
| 610 | 2 | 0 | |a spracovanie dát |
| 610 | 2 | 0 | |a modely lineárne |
| 610 | 2 | 0 | |a testovanie hypotéz |
| 610 | 2 | 0 | |a modely dynamické |
| 610 | 2 | 0 | |a korelácia |
| 610 | 2 | 0 | |a prognózovanie |
| 610 | 2 | 0 | |a matice |
| 610 | 2 | 0 | |a Gretl |
| 100 | 1 | |a Lukáčiková, Adriana, 1971- | |
| 700 | 1 | |a Lukáčik, Martin, 1974- | |
| 700 | 1 | |a Szomolányi, Karol, 1976- | |
| 700 | 1 | |a Miťková, Veronika | |
| 700 | 1 | |a Reiff, Marian, 1978- | |
| 710 | 2 | |a Ekonomická univerzita v Bratislave. Fakulta hospodárskej informatiky | |